000 00795nam a2200277Ia 4500
003 OSt
005 20220925220454.0
006 a|||||r|||| 00| 0
007 ta
008 220923b |||||||| |||| 00| 0 eng d
020 _a0 333 33362 4
037 _cGeneral Book
040 _aRTL
_cRTL
_beng
041 _2eng
_aeng
082 _aX.58.N81<--N17s, M3
100 _aClarke Roger A
_9170112
245 0 _aSoviet economic facts, 1917-81
250 _a2
260 _aLondon
_bMacmillan
_c1983
300 _axiv,228p.
_ccm.
500 _aBibliography: P 224-28
650 _aEconomic Condition Russia
700 _a Matko Dubravko J I
_9284871
942 _hX.58.N81<--N17s, M3
_cGB
_2CC
999 _c571587
_d571587